000 01279nam a2200313 i 4500
003 EG-GICUC
005 20260408180221.0
008 260408s1981 ua |||fri||| 00| 0 ara d
040 _a EG-GICUC
_bara
_c EG-GICUC
_d EG-GICUC
_erda
041 0 _aara
082 0 4 _221
_a343.31
_bع ب . م
092 0 4 _221
099 _aLaw1 10 343.31 ع ب . م 1981
100 0 _aعبدالمنعم حسنى.
_eمؤلف.
245 1 2 _aالموسوعة الذهبية للقواعد القانونية التى قررتها محكمة النقض المصرية (1931-1979) :
_bالإصدار الجنائي - الفهارس /
_cعبدالمنعم حسنى.
264 1 _aالقاهرة:
_bمركز حسني للدراسات القانونية،
_c1981.
300 _a68صفحة، صفحات غير مرقمة ؛
_c24 سم.
336 _2rda content
_atext
337 _2rda media
_aComputer
338 _2rda carrier
_aOnline Resource
546 _aالنص باللغة العربية
650 1 _aالقواعد العامة فى الإجراءات الجنائية
_2qrmak
650 1 _aالفهارس
_2qrmak
651 1 _2qrmak
700 _eمؤلف مشارك.
856 4 0 _uhttps://fll.law.cu.edu.eg/fulltext/bks/B10-09533.pdf
905 _a62
942 _2ddc
_cBK
_e21
_n0
999 _c69770
_d69770